Introduction to Peruvian costume (Record no. 9654)

MARC details
000 -CABECERA
campo de control de longitud fija 00678nam a2200217 a 4500
001 - NÚMERO DE CONTROL
campo de control BRL_842
005 - FECHA Y HORA DE LA ÚLTIMA TRANSACCIÓN
campo de control 20190320210923.0
008 - DATOS DE LONGITUD FIJA--INFORMACIÓN GENERAL
campo de control de longitud fija 181013s1949----u--a######---#000-0#eng-#
041 ## - CÓDIGO DE LENGUA
Código de lengua del texto/banda sonora o título independiente eng
044 ## - CÓDIGO DEL PAÍS DE LA ENTIDAD EDITORA/PRODUCTORA
Código MARC del país u
050 #4 - SIGNATURA TOPOGRÁFICA DE LA BIBLIOTECA DEL CONGRESO
Número de clasificación F3429.3.C8
Número de documento/Ítem .Z56 1949
100 1# - ENTRADA PRINCIPAL--NOMBRE DE PERSONA
Nombre de persona Zimmern, Nathalie H.
9 (RLIN) 25104
245 10 - MENCIÓN DE TÍTULO
Título Introduction to Peruvian costume
Mención de responsabilidad, etc. by Nathalie H. Zimmern.
260 ## - PUBLICACIÓN, DISTRIBUCIÓN, ETC.
Lugar de publicación, distribución, etc. Brooklyn
Nombre del editor, distribuidor, etc. The Brooklyn Museum, The Brooklyn Institute of Arts and Sciences
Fecha de publicación, distribución, etc. 1949
300 ## - DESCRIPCIÓN FÍSICA
Extensión [59] p.
Otras características físicas il., mapas
Dimensiones 19 cm.
500 ## - NOTA GENERAL
Nota general Au980
650 14 - PUNTO DE ACCESO ADICIONAL DE MATERIA--TÉRMINO DE MATERIA
Término de materia o nombre geográfico como elemento de entrada Indígenas de América del Sur
Subdivisión general Prendas de vestir
Subdivisión geográfica Perú
9 (RLIN) 25105
650 14 - PUNTO DE ACCESO ADICIONAL DE MATERIA--TÉRMINO DE MATERIA
Término de materia o nombre geográfico como elemento de entrada Indumentaria
Subdivisión geográfica Perú
9 (RLIN) 25106
902 ## - CATALOGADOR
Iniciales GRL
942 ## - ELEMENTOS DE PUNTO DE ACCESO ADICIONAL (KOHA)
Fuente del sistema de clasificación o colocación Library of Congress Classification
Tipo de ítem Koha Libros
Holdings
Estado de retiro Estado de pérdida Estado dañado No para préstamo Localización permanente Ubicación/localización actual Fecha de adquisición Número de inventario Total de préstamos Signatura topográfica completa Código de barras Fecha visto por última vez Precio válido a partir de Tipo de ítem Koha
El ejemplar forma parte de la colección y puede ser consultado según las políticas vigentes.       Biblioteca Centro de Estudios Ruth D. Lechuga Biblioteca Centro de Estudios Ruth D. Lechuga 18/10/2013 Au980   F3429.3.C8 .Z56 1949 (Au980) GRL00911 22/03/2019 22/03/2019 Libros